[Event "Premier"]
[Site "Hastings ENG"]
[Date "2004.01.04"]
[Round "8"]
[White "Conquest,S"]
[Black "Gormally,D"]
[Result "1-0"]
[WhiteElo "2545"]
[BlackElo "2471"]

1.d4 Nf6 2.c4 e6 3.Nc3 Bb4 4.e3 c5 5.Ne2 cxd4 6.exd4 d5 7.c5 O-O 8.a3 Bxc3+
9.Nxc3 b6 10.Be2 bxc5 11.dxc5 Ba6 12.O-O Bxe2 13.Qxe2 Nc6 14.b4 Nd4 15.Qb2 Nf5
16.Bf4 Nh5 17.Bd2 Qf6 18.Rae1 Nh4 19.f3 Nf4 20.Bxf4 Qxf4 21.Ne2 Qg5 22.Ng3 Ng6
23.Qd4 Nf4 24.Kh1 Rae8 25.Rg1 e5 26.Qd1 Qg6 27.Ne2 Nd3 28.Ref1 a5 29.Nc1 Nf4
30.b5 d4 31.c6 Re6 32.g3 Nd5 33.Qd3 Nc3 34.a4 Nxa4 35.Qxg6 fxg6 36.Nd3 Nb6
37.Rf2 g5 38.Re1 g4 39.f4 e4 40.Nc5 Rd6 41.Rxe4 Rd5 42.Nd3 a4 43.Rc2 a3 44.Ra2 Nc4
45.b6 Rb5 46.b7 Rb6 47.Re6 Ne3 48.h3 Kf7 49.Re4 Kf6 50.Rxa3  1-0